00697nai a2200181Ia 4500003000900000008004100009022002200050022002300072040001600095245005200111260008600163310001400249362002700263521006900290650004700359650001900406856009000425IN-BaIIA211028c9999 xx s 000 0 eng d a1536-1241 (Print) a1558-2639 (Online) cIIA Library 0aIEEE Transactions on NanoBioscienceh[eJournal] aNew York, USAbThe Institute of Electrical and Electronics Engineers, Inc. (IEEE) aQuarterly a99(1); 2002 - Present  bSubscribed through National Knowledge Resource Consortium (NKRC) a Components, Circuits, Devices and Systems aBioengineering uhttps://ieeexplore.ieee.org/servlet/opac?punumber=7728yClick Here to Access eJournal